000 00479nam a22001575i 4500
001 167346
003 ES-MaACL
005 20250904233714.0
008 150908s1902 it | |||||||| ||ita d
245 0 0 _aRicordo nazionale
_b: Adelaide Ristori.
260 _aRoma :
_bEnrico Voghera,
_c1902.
300 _a30 p. :
_bil. ;
_c35 cm.
600 1 7 _aRistori, Adelaide,
_d1822-1906
_2
_9157861
852 _aES-MaACL
_jT-991-F-10
_z.- Donat. de Luis Luchessi
999 _c167346
_d167346